<?xml version="1.0" encoding="UTF-8"?>
<record
    xmlns:xsi="http://www.w3.org/2001/XMLSchema-instance"
    xsi:schemaLocation="http://www.loc.gov/MARC21/slim http://www.loc.gov/standards/marcxml/schema/MARC21slim.xsd"
    xmlns="http://www.loc.gov/MARC21/slim">

  <leader>02467agaaa2200337   4500</leader>
  <controlfield tag="001">5317</controlfield>
  <controlfield tag="003">IT-RoPAU</controlfield>
  <controlfield tag="005">20220918181230.0</controlfield>
  <controlfield tag="007">d cvaizq</controlfield>
  <controlfield tag="008">50131s9999||||xx ||| |     ||   ||und||</controlfield>
  <datafield tag="040" ind1=" " ind2=" ">
    <subfield code="a">IT-RoPAU</subfield>
    <subfield code="c">IT-RoPAU</subfield>
  </datafield>
  <datafield tag="041" ind1=" " ind2=" ">
    <subfield code="a">ITALIANO</subfield>
  </datafield>
  <datafield tag="100" ind1=" " ind2=" ">
    <subfield code="a">Young Roger</subfield>
    <subfield code="g">Codice regista SPICS: 43936</subfield>
    <subfield code="9">40146</subfield>
  </datafield>
  <datafield tag="130" ind1=" " ind2=" ">
    <subfield code="a">AUGUSTO IL PRIMO IMPERATORE</subfield>
    <subfield code="9">40147</subfield>
  </datafield>
  <datafield tag="240" ind1=" " ind2=" ">
    <subfield code="a">IMPERIUM: AUGUSTUS</subfield>
    <subfield code="g">T3471</subfield>
  </datafield>
  <datafield tag="245" ind1=" " ind2=" ">
    <subfield code="a">AUGUSTO IL PRIMO IMPERATORE</subfield>
    <subfield code="c">Prodotto da: Bernabei Luca -- Sceneggiatura: Lerner Eric -- Diretto da: Young Roger</subfield>
    <subfield code="p">AUGUSTO IL PRIMO IMPERATORE (Rif. Codice opera principale : H5317)</subfield>
  </datafield>
  <datafield tag="246" ind1=" " ind2=" ">
    <subfield code="a">IMPERIUM: AUGUSTUS</subfield>
  </datafield>
  <datafield tag="250" ind1=" " ind2=" ">
    <subfield code="a">Edizione Standard</subfield>
  </datafield>
  <datafield tag="260" ind1=" " ind2=" ">
    <subfield code="a">(ITA - SPA - UK - D - FR)</subfield>
    <subfield code="b">RAI FICTION - LUX VIDE - EOS INTERT. - RAI TR / Distribuzione: MULTIMEDIA SAN PAOLO</subfield>
    <subfield code="g">"2003 (1&#xB0; ed.: 2005 ; Ed. Lingua Orig.: 2003)"</subfield>
  </datafield>
  <datafield tag="300" ind1=" " ind2=" ">
    <subfield code="a">DVD</subfield>
    <subfield code="b">sonoro, col.</subfield>
    <subfield code="c">170 minuti</subfield>
  </datafield>
  <datafield tag="508" ind1=" " ind2=" ">
    <subfield code="a">"Fotografia: Galasso Giovanni; Montaggio: Lucidi Alessandro; Musica: Donaggio Pino; Sceneggiatura: Lerner Eric; Scenografia: Agate Carmelo; "</subfield>
  </datafield>
  <datafield tag="511" ind1=" " ind2=" ">
    <subfield code="a">"O'; Tyoole Peter; Rampling Charlotte; Belvedere Vittoria; Sadler Benjamin; Judica G"</subfield>
  </datafield>
  <datafield tag="520" ind1=" " ind2=" ">
    <subfield code="a">GIULIO CESARE INTRODUCE IL GIOVANISSIMO NIPOTE OTTAVIANO NELLE STANZE DEL POTERE. QUI IL FUTURO IMPERATORE AUGUSTO IMPARA LE SOTTILI ARTI DEL POTERE E RESTA FOLGORATO DALL'IDEALE POLITICO DI CESARE: ABBATTERE LA VECCHIA E CORROTTA REPUBBLICA PER ERIGERE UN IMPERO GIUSTO. CONOSCE LIVIA, UNA DELLE RAGAZZE PIU' BELLE E NOBILI DI ROMA. I RAMPOLLI DELL'ANTICA NOBILTA' BRUTO E CASSIO, GIUDATI DA CICERONE, TRAMANO NELL'OMBRA. GIULIO CESARE INTUISCE IL PERICOLO E MANDA IL NIPOTE A STUDIARE AD APOLLONIA. GLI AFFIANCA DUE GIOVANI PROMETTENTI: AGRIPPA E MECENATE, I DUE FIDATI COMPAGNI DELLE FUTURE IMPRESE DI OTTAVIANO. AD APOLLONIA GIUNGE UNA NOTIZIA TERRIBILE: GIULIO CESARE E' STATO ASSASSINATO. NEL TESTAMENTO HA NOMINATO OTTAVIANO SUO UNICO EREDE. ROMA ORA E' NELLE MANI DI MARCO ANTONIO... IL DISCO EXTRA CONTIENE IL DOCUMENTARIO: ALLA SCOPERTA DI ROMA, UN AFFASCINATE VIAGGIO NELLA ROMA ANTICA.</subfield>
  </datafield>
  <datafield tag="538" ind1=" " ind2=" ">
    <subfield code="a">PAL, STEREO</subfield>
  </datafield>
  <datafield tag="546" ind1=" " ind2=" ">
    <subfield code="a">ITALIANO</subfield>
  </datafield>
  <datafield tag="650" ind1=" " ind2=" ">
    <subfield code="a">DRAMMA STORICO</subfield>
    <subfield code="e">DVD-FILM [DVD]</subfield>
    <subfield code="x">Codice MATERIA SPICS: 9947</subfield>
    <subfield code="9">40148</subfield>
  </datafield>
  <datafield tag="700" ind1=" " ind2=" ">
    <subfield code="a">Donaggio Pino</subfield>
    <subfield code="e">(musica)</subfield>
    <subfield code="g">Codice Musica SPICS: 13658</subfield>
    <subfield code="9">40149</subfield>
  </datafield>
  <datafield tag="700" ind1=" " ind2=" ">
    <subfield code="a">Lerner Eric J. </subfield>
    <subfield code="e">(soggetto)</subfield>
    <subfield code="g">Codice Soggetto SPICS: 29664</subfield>
    <subfield code="9">40150</subfield>
  </datafield>
  <datafield tag="700" ind1=" " ind2=" ">
    <subfield code="a">Young Roger </subfield>
    <subfield code="e">(regista)</subfield>
    <subfield code="g">Codice regista SPICS: 43936</subfield>
    <subfield code="9">40151</subfield>
  </datafield>
  <datafield tag="942" ind1=" " ind2=" ">
    <subfield code="c">DV</subfield>
    <subfield code="2">ddc</subfield>
  </datafield>
  <datafield tag="999" ind1=" " ind2=" ">
    <subfield code="c">105218</subfield>
    <subfield code="d">105218</subfield>
  </datafield>
  <datafield tag="952" ind1=" " ind2=" ">
    <subfield code="0">0</subfield>
    <subfield code="1">0</subfield>
    <subfield code="4">0</subfield>
    <subfield code="6">H_5317_000000000000000</subfield>
    <subfield code="7">1</subfield>
    <subfield code="a">SPICS</subfield>
    <subfield code="b">SPICS</subfield>
    <subfield code="d">2015-01-31</subfield>
    <subfield code="l">0</subfield>
    <subfield code="o">H5317</subfield>
    <subfield code="r">2015-01-31 00:00:00</subfield>
    <subfield code="w">2015-01-31</subfield>
    <subfield code="y">DV</subfield>
    <subfield code="z">Progr. Ins.: 3254 / N.Vol.:2 / Copie: 1 / Pag.:0 / Copia rara: n.d. / date import: 1.2.2015 / By Epidotti, Trombetti, Vaglietti</subfield>
  </datafield>
</record>
